|
|
|
|
| LEADER |
00000nam a22000007a 4500 |
| 005 |
2022092103043.0 |
| 007 |
cr|||| |||| |
| 008 |
220921s2022 co |||||s|||| 00||0 spa d |
| 020 |
|
|
|a 978-958-792-343-8
|
| 035 |
|
|
|a 37246
|
| 040 |
|
|
|a vLex
|
| 090 |
|
|
|c 13999
|d 13999
|
| 100 |
1 |
|
|a Angulo Guiza, Uriel Guillermo
|
| 245 |
1 |
0 |
|a Contabilidad bs̀ica bajo NIIF
|h [Recurso electrn̤ico] /
|c Uriel Guillermo Angulo Guiza
|
| 256 |
|
|
|a Servicio en ln̕ea
|
| 260 |
|
|
|a Bogot:̀
|b Ediciones de la U,
|c 2022
|
| 300 |
|
|
|a 1 recurso electrn̤ico
|
| 506 |
1 |
|
|a Disponible solo en los productos indicados
|d vLex Global
|d vLex Global (Academic Edition, excluding Law Schools)
|d vLex Global (U.S. Academic Edition, Law Schools)
|d vLex Global (U.S. Academic Edition, excluding Law Schools)
|d vLex Global (Academic Edition, Law Schools)
|
| 650 |
0 |
4 |
|a Economa̕ y negocios
|z Colombia
|
| 740 |
0 |
|
|a vLex Libros (Servicio en ln̕ea)
|
| 856 |
4 |
0 |
|u https://app.vlex.com/#/sources/37246
|z Acceso restringido
|
| 942 |
|
|
|c BOOK
|
| 999 |
0 |
|
|a Economy and business
|